[Event "CAN-ch U20 1996-97"]
[Site "Edmonton CAN"]
[Date "1997.01.02"]
[Round "11"]
[White "Nabi, Shahin"]
[Black "Zugic, Igor"]
[Result "0-1"]
[WhiteElo "1920"]
[BlackElo "2277"]
[PlyCount "86"]
[EventDate "1996.12.27"]
[EventType "tourn"]
[EventRounds "11"]
[EventCountry "CAN"]

1. e4 e6 2. d4 d5 3. exd5 exd5 4. Bd3 Bd6 5. Nf3 Ne7 6. O-O Nbc6 7. c3 Bg4 8.
Be3 Qd7 9. Nbd2 f6 10. b4 O-O 11. Nb3 Rae8 12. Nc5 Qc8 13. a3 Bf5 14. Re1 Bxc5
15. bxc5 Na5 16. Bxf5 Nxf5 17. Qd3 Nc4 18. Nd2 Nxd2 19. Qxd2 b6 20. Qa2 Qd7 21.
cxb6 axb6 22. c4 Ne7 23. c5 b5 24. a4 Ra8 25. a5 Nc6 26. Qd2 Ra6 27. Ra2 Rfa8
28. Rea1 Kf7 29. Kf1 b4 30. Qb2 Qf5 31. Qb3 Qe4 32. f3 Nxd4 33. fxe4 Nxb3 34.
Rb1 d4 35. Rxb3 dxe3 36. Rxb4 Rxa5 37. Rxa5 Rxa5 38. Rc4 Ke6 39. Rc2 Ra4 40.
Ke2 Rxe4 41. Kd3 e2 42. Rxe2 Rxe2 43. Kxe2 Kd5 0-1

[Event "Ontario-ch U16"]
[Site "Guelph CAN"]
[Date "1996.11.30"]
[Round "3"]
[White "Kovacs, Peter"]
[Black "Zugic, Igor"]
[Result "0-1"]
[WhiteElo "1846"]
[BlackElo "2258"]
[PlyCount "46"]
[EventDate "1996.11.30"]
[EventType "tourn"]
[EventRounds "5"]
[EventCountry "CAN"]
[Source "CFC"]
[SourceDate "1997.02.01"]

1. e4 e6 2. d4 d5 3. e5 c5 4. c3 Nc6 5. Nf3 Qb6 6. Be2 cxd4 7. cxd4 Nh6 8. b3
Nf5 9. Bb2 Bb4+ 10. Kf1 Be7 11. g4 Nh4 12. Nbd2 Ng6 13. a4 Bd7 14. Kg1 f6 15.
exf6 Bxf6 16. Nb1 Nf4 17. Bb5 O-O 18. Ba3 Nxd4 19. Bxf8 Nxf3+ 20. Qxf3 Bxa1 21.
Bxg7 Bxg7 22. Bxd7 Rf8 23. Qe3 Nh3+ 0-1

[Event "Quebec op"]
[Site "Montreal CAN"]
[Date "1996.07.28"]
[Round "2"]
[White "Zugic, Igor"]
[Black "McKelvey, Miles"]
[Result "1-0"]
[WhiteElo "2256"]
[BlackElo "2070"]
[PlyCount "83"]
[EventDate "1996.07.27"]
[EventType "swiss"]
[EventRounds "9"]
[EventCountry "CAN"]

1. d4 Nf6 2. c4 c5 3. d5 b5 4. a4 b4 5. Nd2 d6 6. g3 g6 7. b3 Bg7 8. Bb2 Bb7 9.
e4 O-O 10. Bg2 Nbd7 11. Ne2 Re8 12. Ra2 e6 13. dxe6 Rxe6 14. f3 Nh5 15. Bxg7
Nxg7 16. O-O Ne5 17. Nf4 Re8 18. Re1 Nc6 19. Nf1 Nd4 20. Ne3 a5 21. Nfd5 Nge6
22. f4 Nc7 23. Rf2 Nxd5 24. cxd5 Ba6 25. f5 Qg5 26. Rf4 h5 27. Bf1 gxf5 28.
Bxa6 Rxa6 29. Nxf5 Nxf5 30. Rxf5 Qg6 31. Qf3 Re5 32. Rxe5 dxe5 33. Rc1 Rf6 34.
Qd3 Rf4 35. d6 Rxe4 36. Qb5 Qg5 37. Qe8+ Kg7 38. Rf1 Rf4 39. Rxf4 exf4 40. d7
fxg3 41. d8=Q gxh2+ 42. Kxh2 1-0

[Event "Quebec op"]
[Site "Montreal CAN"]
[Date "1996.07.30"]
[Round "5"]
[White "Luksza, Arkadiusz"]
[Black "Zugic, Igor"]
[Result "1-0"]
[WhiteElo "2120"]
[BlackElo "2256"]
[PlyCount "82"]
[EventDate "1996.07.27"]
[EventType "swiss"]
[EventRounds "9"]
[EventCountry "CAN"]

1. d4 Nf6 2. c4 g6 3. Nc3 d5 4. g3 Bg7 5. Bg2 dxc4 6. Qa4+ Nbd7 7. Nf3 O-O 8.
Qxc4 Nb6 9. Qd3 Nfd7 10. O-O e5 11. Bg5 f6 12. Be3 exd4 13. Qxd4 c6 14. Rfd1
Qe7 15. Qh4 Re8 16. Rd2 Nf8 17. Rad1 Be6 18. b3 c5 19. Ne4 g5 20. Nfxg5 fxg5
21. Bxg5 Qf7 22. Nd6 Ng6 23. Qe4 Bd5 24. Qxd5 Nxd5 25. Bxd5 Qxd5 26. Rxd5 Rxe2
27. Rxc5 Rxa2 28. Nf5 Bf8 29. Rc7 Ne5 30. Nh6+ Bxh6 31. Bxh6 Ra6 32. Bf4 Ng6
33. Be3 Nf8 34. Rxb7 Rg6 35. Rc1 a5 36. Rcc7 a4 37. bxa4 Rxa4 38. Rc8 Ra5 39.
Bc5 Rf6 40. Rbb8 Rxc5 41. Rxc5 Kg7 1-0

[Event "Quebec op"]
[Site "Montreal CAN"]
[Date "1996.07.31"]
[Round "6"]
[White "Zugic, Igor"]
[Black "Hua, Lefong"]
[Result "1/2-1/2"]
[WhiteElo "2256"]
[BlackElo "2075"]
[PlyCount "88"]
[EventDate "1996.07.27"]
[EventType "swiss"]
[EventRounds "9"]
[EventCountry "CAN"]

1. d4 Nf6 2. Bg5 Ne4 3. Bh4 c5 4. dxc5 Qa5+ 5. c3 Qxc5 6. Nd2 Nxd2 7. Qxd2 g6
8. Qd4 Qxd4 9. cxd4 Nc6 10. e3 Bg7 11. Nf3 d6 12. Bb5 Bd7 13. O-O a6 14. Be2
Bf5 15. Nd2 Bh6 16. Rfc1 Nxd4 17. Bd1 Be6 18. f4 Nf5 19. Bf2 d5 20. Nf3 Bg7 21.
Rab1 Nd6 22. Nd4 Bxd4 23. exd4 Bf5 24. Ra1 Kd7 25. g4 Be4 26. Ba4+ b5 27. Bb3
e6 28. a4 Bd3 29. a5 Ne4 30. Be1 f5 31. g5 h6 32. gxh6 Rxh6 33. h4 Rah8 34. Ra3
Be2 35. Ba2 Rc8 36. Rxc8 Kxc8 37. Bb1 Kd7 38. Bxe4 dxe4 39. Rc3 Rh8 40. b4 Bd3
41. Bg3 Bc4 42. Kf2 Kd6 43. Ke3 Kd5 44. Rc1 Rc8 1/2-1/2

[Event "Quebec op"]
[Site "Montreal CAN"]
[Date "1996.08.03"]
[Round "9"]
[White "Teuton, Frank"]
[Black "Zugic, Igor"]
[Result "1-0"]
[WhiteElo "2200"]
[BlackElo "2256"]
[PlyCount "39"]
[EventDate "1996.07.27"]
[EventType "swiss"]
[EventRounds "9"]
[EventCountry "CAN"]

1. e4 e6 2. d4 d5 3. Nc3 dxe4 4. Nxe4 Nd7 5. Nf3 Ngf6 6. Nxf6+ Nxf6 7. Bd3 Be7
8. Qe2 O-O 9. Bg5 Nd5 10. h4 h6 11. Bd2 c5 12. g4 f5 13. g5 h5 14. Ne5 Qe8 15.
Bb5 Qd8 16. Qxh5 a6 17. Bc4 Qe8 18. Ng6 cxd4 19. Qh8+ Kf7 20. Ne5# 1-0

[Event "CAN-ch U16"]
[Site "Winnipeg CAN"]
[Date "1996.03.23"]
[Round "1"]
[White "Pechisker, Alfred"]
[Black "Zugic, Igor"]
[Result "1/2-1/2"]
[WhiteElo "2054"]
[BlackElo "2300"]
[PlyCount "65"]
[EventDate "1996.03.23"]
[EventType "tourn"]
[EventRounds "9"]
[EventCountry "CAN"]
[Source "ChessBase"]
[SourceDate "2000.11.22"]

1. d4 Nf6 2. c4 g6 3. Nc3 d5 4. Bg5 Ne4 5. Bf4 Nxc3 6. bxc3 Bg7 7. e3 O-O 8.
Qb3 dxc4 9. Bxc4 c5 10. Nf3 Nc6 11. Be2 cxd4 12. cxd4 Qa5+ 13. Kf1 e5 14. dxe5
Nxe5 15. Bxe5 Bxe5 16. Rd1 Bg7 17. Bc4 a6 18. h3 Qc7 19. g3 b5 20. Bd5 Bb7 21.
Kg2 Rac8 22. a4 Bxd5 23. Rxd5 bxa4 24. Qxa4 Qc4 25. Ra5 Qxa4 26. Rxa4 Rc6 27.
Rd1 Bc3 28. Nd4 Rb6 29. Rc1 Bb4 30. Rc6 Rxc6 31. Nxc6 a5 32. Nxb4 axb4 33. Rxb4
1/2-1/2

[Event "CAN-ch U16"]
[Site "Winnipeg CAN"]
[Date "1996.03.23"]
[Round "2"]
[White "Zugic, Igor"]
[Black "Chin, Garrett"]
[Result "1/2-1/2"]
[WhiteElo "2300"]
[BlackElo "1776"]
[PlyCount "77"]
[EventDate "1996.03.23"]
[EventType "tourn"]
[EventRounds "9"]
[EventCountry "CAN"]
[Source "ChessBase"]
[SourceDate "2000.11.22"]

1. d4 Nf6 2. c4 g6 3. Nc3 Bg7 4. e4 d6 5. Bd3 O-O 6. Nge2 Nbd7 7. O-O e5 8. d5
Ne8 9. Be3 f5 10. exf5 gxf5 11. f4 Bh6 12. Qd2 e4 13. Bc2 Ndf6 14. b4 Ng4 15.
Bd4 Qh4 16. h3 Ne5 17. Bxe5 dxe5 18. Qe1 Qxe1 19. Raxe1 Nd6 20. Bb3 Nf7 21. Nb5
c6 22. Nc7 Rb8 23. Ne6 Re8 24. fxe5 Bxe6 25. dxe6 Rxe6 26. Rxf5 Rxe5 27. Ref1
Rxf5 28. Rxf5 Kg7 29. c5 Rf8 30. Nf4 Nd8 31. Nh5+ Kg6 32. Rxf8 Bxf8 33. Nf4+
Kf5 34. Ne2 Bh6 35. Kf2 Ne6 36. g4+ Ke5 37. h4 Bd2 38. a3 Nd4 39. Nxd4 1/2-1/2

[Event "CAN-ch U16"]
[Site "Winnipeg CAN"]
[Date "1996.03.24"]
[Round "3"]
[White "Hua, Lefong"]
[Black "Zugic, Igor"]
[Result "1/2-1/2"]
[WhiteElo "2140"]
[BlackElo "2300"]
[PlyCount "46"]
[EventDate "1996.03.23"]
[EventType "tourn"]
[EventRounds "9"]
[EventCountry "CAN"]
[Source "ChessBase"]
[SourceDate "2000.11.22"]

1. d4 d5 2. Nf3 e6 3. c4 Nf6 4. Nc3 Be7 5. cxd5 exd5 6. Bg5 Nbd7 7. e3 c6 8.
Bd3 O-O 9. Qc2 Re8 10. O-O-O Nf8 11. h3 Ne4 12. Bxe4 dxe4 13. Bxe7 Qxe7 14. Nd2
f5 15. Rhe1 Be6 16. f3 Bd5 17. fxe4 fxe4 18. Nxd5 cxd5 19. Qb3 Qd7 20. Kb1 Ne6
21. Rc1 b5 22. Rf1 Rf8 23. Qa3 Rxf1 1/2-1/2

[Event "CAN-ch U16"]
[Site "Winnipeg CAN"]
[Date "1996.03.25"]
[Round "5"]
[White "Guo, Xin"]
[Black "Zugic, Igor"]
[Result "1-0"]
[WhiteElo "2163"]
[BlackElo "2300"]
[PlyCount "43"]
[EventDate "1996.03.23"]
[EventType "tourn"]
[EventRounds "9"]
[EventCountry "CAN"]
[Source "ChessBase"]
[SourceDate "2000.11.22"]

1. e4 e6 2. d4 d5 3. e5 c5 4. c3 Nc6 5. Nf3 Qb6 6. Bd3 cxd4 7. cxd4 Bd7 8. O-O
Nxd4 9. Nxd4 Qxd4 10. Nc3 a6 11. Qe2 Ne7 12. Kh1 Nc6 13. f4 Nb4 14. Rd1 Nxd3
15. Rxd3 Qb6 16. Be3 Bc5 17. Bxc5 Qxc5 18. Rad1 Qe7 19. f5 O-O 20. f6 Qb4 21.
Rd4 Bb5 22. Qg4 1-0

[Event "CAN-ch U16"]
[Site "Winnipeg CAN"]
[Date "1996.03.25"]
[Round "6"]
[White "Bertrand, Eric"]
[Black "Zugic, Igor"]
[Result "0-1"]
[WhiteElo "1829"]
[BlackElo "2300"]
[PlyCount "87"]
[EventDate "1996.03.23"]
[EventType "tourn"]
[EventRounds "9"]
[EventCountry "CAN"]
[Source "ChessBase"]
[SourceDate "2000.11.22"]

1. e4 e6 2. d4 d5 3. e5 c5 4. c3 Qb6 5. f4 Nc6 6. Nf3 cxd4 7. cxd4 Nh6 8. Bd3
Bd7 9. Bc2 Nb4 10. Ba4 Bxa4 11. Qxa4+ Qc6 12. Qxc6+ bxc6 13. Na3 c5 14. O-O
cxd4 15. Nxd4 Bc5 16. Nab5 Kd7 17. Kh1 a6 18. Nb3 axb5 19. Nxc5+ Kc6 20. Bd2
Kxc5 21. Rfc1+ Kb6 22. Bxb4 Rhc8 23. a3 Nf5 24. Kg1 Nd4 25. Rxc8 Rxc8 26. Rd1
Ne2+ 27. Kf2 Nxf4 28. g3 Ng6 29. Bc3 Rc4 30. Bd4+ Ka5 31. Rd2 Ka4 32. Ke1 Ne7
33. Rd3 Ka5 34. Bc3+ Kb6 35. Rf3 Re4+ 36. Kd2 Nf5 37. Kd3 h5 38. h3 g5 39. Kd2
g4 40. hxg4 Rxg4 41. b4 Rxg3 42. Rxg3 Nxg3 43. Bd4+ Kc6 44. Bc5 0-1

[Event "CAN-ch U16"]
[Site "Winnipeg CAN"]
[Date "1996.03.26"]
[Round "7"]
[White "Zugic, Igor"]
[Black "Cormos, Eugene"]
[Result "1-0"]
[WhiteElo "2300"]
[BlackElo "2139"]
[PlyCount "117"]
[EventDate "1996.03.23"]
[EventType "tourn"]
[EventRounds "9"]
[EventCountry "CAN"]
[Source "ChessBase"]
[SourceDate "2000.11.22"]

1. d4 d5 2. c4 e6 3. Nc3 c5 4. cxd5 exd5 5. Nf3 Nc6 6. g3 Be6 7. Bg2 h6 8. O-O
Nf6 9. dxc5 Bxc5 10. Na4 Be7 11. Nd4 O-O 12. Be3 Ne5 13. Nxe6 fxe6 14. Nc5 Qc8
15. Rc1 Nc4 16. Rxc4 dxc4 17. Bxb7 Qc7 18. Bxa8 Bxc5 19. Bxc5 Rxa8 20. Qd6 Qxd6
21. Bxd6 Rd8 22. Be5 Rd2 23. e3 Nd5 24. Rc1 c3 25. bxc3 Rxa2 26. c4 Nb4 27. Rd1
Nc6 28. Bd6 Rc2 29. c5 a5 30. Rb1 Nb4 31. Ra1 Nc6 32. Ra4 Kf7 33. Rf4+ Kg6 34.
Rf8 a4 35. Ra8 Rc4 36. Ra6 Nd8 37. Be7 Nb7 38. Rxe6+ Kf7 39. Rb6 a3 40. Rxb7 a2
41. Bd6+ Kf6 42. Ra7 Rc1+ 43. Kg2 a1=Q 44. Rxa1 Rxa1 45. g4 Ke6 46. f4 g6 47.
e4 Ra2+ 48. Kg3 Ra3+ 49. Kh4 Re3 50. f5+ gxf5 51. exf5+ Kf7 52. c6 Rc3 53. c7
Rc6 54. Kh5 Kg7 55. Be5+ Kf7 56. h4 Kf8 57. g5 hxg5 58. hxg5 Rc1 59. Kg6 1-0

[Event "CAN-ch U16"]
[Site "Winnipeg CAN"]
[Date "1996.03.26"]
[Round "8"]
[White "Henson, Joshua"]
[Black "Zugic, Igor"]
[Result "1/2-1/2"]
[WhiteElo "1747"]
[BlackElo "2300"]
[PlyCount "123"]
[EventDate "1996.03.23"]
[EventType "tourn"]
[EventRounds "9"]
[EventCountry "CAN"]
[Source "ChessBase"]
[SourceDate "2000.11.22"]

1. e4 e6 2. d4 d5 3. Nd2 Nf6 4. e5 Nfd7 5. Bd3 c5 6. c3 Nc6 7. Ne2 Qb6 8. Nf3
f6 9. exf6 Nxf6 10. O-O cxd4 11. cxd4 Bd6 12. Nc3 O-O 13. Bg5 Bd7 14. a3 Kh8
15. Be3 Be8 16. Qd2 Qd8 17. Ng5 Bf7 18. Qc2 Bg8 19. Ne2 Bxh2+ 20. Kxh2 Ng4+ 21.
Kg1 Nxe3 22. fxe3 Qxg5 23. Qd2 e5 24. dxe5 Nxe5 25. Nf4 d4 26. Be2 dxe3 27.
Qxe3 Rae8 28. Qc1 Ng4 29. Bxg4 Qxg4 30. Rf2 Rf6 31. Qd2 Rf5 32. Nh3 Rfe5 33.
Qf4 Qxf4 34. Nxf4 g6 35. Nd3 Re3 36. Nc5 Bd5 37. Rd1 Re1+ 38. Rxe1 Rxe1+ 39.
Kh2 Kg7 40. Rd2 Bc6 41. Nxb7 Re7 42. Nc5 h5 43. Kg3 Re5 44. Rc2 Kh6 45. Kh2 h4
46. Nd3 Re6 47. Nb4 Bb5 48. Rd2 g5 49. Nc2 Re5 50. Nd4 g4 51. Nxb5 Rxb5 52. b4
a5 53. Rb2 Kg5 54. Rb1 Kf4 55. Rb3 axb4 56. axb4 Rd5 57. Rb1 Rb5 58. Rb3 Ke4
59. Rb1 Kd3 60. Rd1+ Ke2 61. Rd4 Rg5 62. b5 1/2-1/2

[Event "CAN-ch U16"]
[Site "Winnipeg CAN"]
[Date "1996.03.27"]
[Round "9"]
[White "Zugic, Igor"]
[Black "Wu, Douglas"]
[Result "1/2-1/2"]
[WhiteElo "2300"]
[BlackElo "1957"]
[PlyCount "88"]
[EventDate "1996.03.23"]
[EventType "tourn"]
[EventRounds "9"]
[EventCountry "CAN"]
[Source "ChessBase"]
[SourceDate "2000.11.22"]

1. d4 Nf6 2. c4 g6 3. Nc3 Bg7 4. e4 d6 5. Bd3 O-O 6. Nge2 Nc6 7. O-O e5 8. d5
Ne7 9. f3 a5 10. Be3 Ne8 11. c5 f5 12. cxd6 cxd6 13. exf5 gxf5 14. f4 b6 15.
Bc4 Kh8 16. Rc1 Bb7 17. Qb3 Nc8 18. Na4 Rb8 19. Bxb6 Nxb6 20. Qxb6 exf4 21.
Qxd8 Rxd8 22. Nxf4 Nc7 23. Kh1 Bd4 24. Bb3 Ba6 25. Rf3 Rfe8 26. g3 Rc8 27. Nc3
Bb7 28. Rd1 Ba7 29. h4 Ne6 30. Nxe6 Rxe6 31. Kh2 Rg6 32. Rxf5 Rcg8 33. Rf3 Bc8
34. Bc2 R6g7 35. Rdf1 Bd4 36. Rf7 Bg4 37. Rxg7 Rxg7 38. Rf8+ Rg8 39. Rxg8+ Kxg8
40. Bd1 Bxc3 41. Bxg4 Bxb2 42. Be6+ Kg7 43. g4 h6 44. Kg3 Kf6 1/2-1/2

[Event "CAN-op"]
[Site "Toronto CAN"]
[Date "1995.07.12"]
[Round "6"]
[White "Jakobsen, Lars Veno"]
[Black "Zugic, Igor"]
[Result "1-0"]
[WhiteElo "2310"]
[BlackElo "2084"]
[PlyCount "63"]
[EventDate "1995.07.08"]
[EventType "swiss"]
[EventRounds "10"]
[EventCountry "CAN"]

1. d4 Nf6 2. c4 g6 3. Nc3 d5 4. Nf3 Bg7 5. Qb3 c6 6. cxd5 cxd5 7. Bf4 O-O 8. e3
Nc6 9. Bd3 b6 10. h3 Bb7 11. O-O Qd7 12. Rfc1 Rfc8 13. Bb5 Qd8 14. Ne5 e6 15.
Nxc6 Bxc6 16. Ba6 Qd7 17. Bxc8 Rxc8 18. a4 Ne8 19. a5 b5 20. Na2 Bf8 21. Nb4
Nd6 22. Bxd6 Bxd6 23. Rc2 Bb7 24. Rac1 Rc4 25. Nd3 a6 26. Qa2 Ra4 27. Qb1 Rxa5
28. Nc5 Qe7 29. b4 Ra4 30. Nxa4 bxa4 31. Qa2 h5 32. Qxa4 1-0

[Event "CAN-op"]
[Site "Toronto CAN"]
[Date "1995.07.16"]
[Round "10"]
[White "Dougherty, Michael"]
[Black "Zugic, Igor"]
[Result "1-0"]
[WhiteElo "2305"]
[BlackElo "2084"]
[PlyCount "33"]
[EventDate "1995.07.08"]
[EventType "swiss"]
[EventRounds "10"]
[EventCountry "CAN"]

1. e4 e6 2. d4 d5 3. Nc3 Bb4 4. exd5 exd5 5. Qf3 Ne7 6. Bd3 c5 7. dxc5 d4 8. a3
Qa5 9. axb4 Qxa1 10. Nce2 Nbc6 11. Nh3 Nxb4 12. Bb5+ Nbc6 13. O-O O-O 14. Ng5
Qa5 15. Bd3 f5 16. Bc4+ Kh8 17. Nxh7 1-0

[Event "CAN-ch U16"]
[Site "London CAN"]
[Date "1995.05.??"]
[Round "?"]
[White "Hua, Lefong"]
[Black "Zugic, Igor"]
[Result "1/2-1/2"]
[WhiteElo "2184"]
[BlackElo "2026"]
[PlyCount "81"]
[EventDate "1995.05.09"]
[EventType "tourn"]
[EventRounds "9"]
[EventCountry "CAN"]

1. d4 Nf6 2. Bg5 e6 3. Nf3 Be7 4. Bxf6 Bxf6 5. e4 b6 6. c3 O-O 7. Nbd2 d6 8.
Qc2 e5 9. dxe5 Bxe5 10. Nxe5 dxe5 11. Be2 Qe7 12. O-O Be6 13. Nc4 Bxc4 14. Bxc4
Nd7 15. b4 c5 16. b5 Nf6 17. Rfd1 Rad8 18. f3 Rxd1+ 19. Rxd1 Rd8 20. Qb3 Rxd1+
21. Qxd1 Qd7 22. Qe2 g6 23. Kf2 Kg7 24. a4 Qd6 25. g3 Qd7 26. Kg2 h6 27. Qc2
Qd6 28. Kf2 Qd7 29. Kg1 Qd6 30. Qe2 Qe7 31. Qd3 Qd7 32. Bd5 Qd6 33. Qc4 Qd7 34.
Kg2 Ne8 35. Qe2 Nf6 36. Qd3 Qd6 37. Qc4 Qd7 38. Qa2 g5 39. h3 Qc7 40. Qc4 Ne8
41. Qd3 1/2-1/2

[Event "CAN-ch U16"]
[Site "London CAN"]
[Date "1995.05.??"]
[Round "?"]
[White "Zugic, Igor"]
[Black "Lou Meng"]
[Result "0-1"]
[WhiteElo "2026"]
[BlackElo "2114"]
[PlyCount "108"]
[EventDate "1995.05.09"]
[EventType "tourn"]
[EventRounds "9"]
[EventCountry "CAN"]

1. d4 d5 2. c4 dxc4 3. Nf3 Nf6 4. e3 Bg4 5. Bxc4 e6 6. h3 Bh5 7. O-O Nbd7 8.
Be2 Bd6 9. Nc3 O-O 10. e4 e5 11. dxe5 Nxe5 12. Nxe5 Bxe2 13. Qxe2 Bxe5 14. Bg5
Qe8 15. Rfe1 Bxc3 16. bxc3 Qe5 17. Bxf6 Qxf6 18. Qc4 Qe7 19. e5 Rad8 20. Re2 c6
21. e6 fxe6 22. Rae1 Rd6 23. Rxe6 Qf7 24. Qe2 Rxe6 25. Qxe6 Qxe6 26. Rxe6 Kf7
27. Re4 Rd8 28. Rf4+ Ke6 29. Re4+ Kd6 30. Kf1 Rd7 31. Rd4+ Ke6 32. Rxd7 Kxd7
33. Ke2 Kd6 34. Kd3 Kd5 35. c4+ Ke5 36. Ke3 g5 37. Kd3 b6 38. Ke3 a6 39. g3 h5
40. f3 Kf5 41. g4+ hxg4 42. hxg4+ Ke5 43. f4+ gxf4+ 44. Kf3 b5 45. cxb5 axb5
46. g5 Kf5 47. g6 Kxg6 48. Kxf4 Kf6 49. Ke4 Ke6 50. Kd4 Kd6 51. Kd3 Kd5 52. Kc3
c5 53. Kd3 c4+ 54. Kc3 Kc5 0-1

[Event "CYCF U14"]
[Site "Ottawa CAN"]
[Date "1995.04.??"]
[Round "?"]
[White "Cormos, Eugene"]
[Black "Zugic, Igor"]
[Result "1-0"]
[WhiteElo "2143"]
[BlackElo "2109"]
[PlyCount "51"]
[EventDate "1995.04.21"]
[EventType "swiss"]
[EventRounds "5"]
[EventCountry "CAN"]

1. e4 e6 2. d4 d5 3. Nd2 Nf6 4. e5 Nfd7 5. Bd3 c5 6. c3 Nc6 7. Ne2 Qb6 8. Nf3
cxd4 9. cxd4 f6 10. exf6 Nxf6 11. O-O Bd6 12. Nc3 O-O 13. Be3 Bd7 14. Re1 Kh8
15. Ng5 Nxd4 16. Nxh7 Nxh7 17. Qh5 Rf5 18. Bxf5 exf5 19. Rad1 Bc5 20. Nxd5 Qxb2
21. Rd2 Qa3 22. Bxd4 Bxd4 23. Rxd4 Qa5 24. Red1 Re8 25. Ne3 Bc6 26. Rh4 1-0

[Event "Toronto Closed"]
[Site "Toronto CAN"]
[Date "1996.02.01"]
[Round "1"]
[White "Zugic, Igor"]
[Black "Veltmann, Martin"]
[Result "1-0"]
[WhiteElo "2144"]
[BlackElo "2165"]
[PlyCount "77"]
[EventDate "1996.02.01"]
[EventType "tourn"]
[EventCountry "CAN"]

1. d4 Nf6 2. c4 e6 3. Nf3 c5 4. Nc3 cxd4 5. Nxd4 Nc6 6. Ndb5 d6 7. Bf4 e5 8.
Bg5 a6 9. Bxf6 gxf6 10. Na3 f5 11. e3 Be6 12. Be2 Rg8 13. g3 Qb6 14. Qb3 Qa7
15. Nd5 O-O-O 16. O-O-O Bg7 17. Qb6 Qxb6 18. Nxb6+ Kb8 19. Kb1 Ka7 20. Nd5 e4
21. Rd2 Rd7 22. Rhd1 Rgd8 23. Nc2 Be5 24. Ncb4 a5 25. Nc2 Rc8 26. Na3 Bxd5 27.
Rxd5 Kb8 28. c5 Rcd8 29. Bb5 Kc7 30. Nc4 Nb4 31. Bxd7 Nxd5 32. Rxd5 Rxd7 33.
Nxa5 f6 34. Nc4 Kc6 35. Nxe5+ fxe5 36. Rxd6+ Rxd6 37. cxd6 Kxd6 38. Kc2 f4 39.
exf4 1-0

[Event "Paul Keres active"]
[Site "Toronto CAN"]
[Date "1995.10.22"]
[Round "4"]
[White "Veltmann, Martin"]
[Black "Zugic, Igor"]
[Result "1-0"]
[WhiteElo "2106"]
[BlackElo "2119"]
[PlyCount "67"]
[EventDate "1995.10.22"]
[EventType "swiss (rapid)"]
[EventRounds "6"]
[EventCountry "CAN"]

1. c4 Nf6 2. Nc3 e5 3. g3 Be7 4. Bg2 c6 5. d4 d6 6. e4 O-O 7. Nge2 b6 8. O-O
Qc7 9. h3 Bb7 10. f4 Nbd7 11. d5 cxd5 12. cxd5 b5 13. Be3 b4 14. Na4 exf4 15.
gxf4 Rfe8 16. Nd4 Bf8 17. Rc1 Qa5 18. Nc6 Bxc6 19. dxc6 Nb6 20. Nxb6 axb6 21.
e5 dxe5 22. c7 e4 23. Kh1 Bc5 24. Bxc5 bxc5 25. Qd6 Rac8 26. Qxc5 Qxa2 27. h4
Qxb2 28. Bh3 Qb3 29. Bxc8 Rxc8 30. Qf5 Qe6 31. Qxe6 fxe6 32. f5 e5 33. Rfd1 Ne8
34. Rd8 1-0